00913 a2200193 4500003000500000005001700005020001800022040000900040082001700049100001500066245005700081260003500138300000900173505034500182650003500527942001200562999001900574952012600593Nust20221229190834.0 a81-203-2438-2 cNust a621.3981,NII aNIIT95329 aRouting and switching ba composite overview /cNIIT aNew DelhibPrentice-hallc2004 a376p aRouting fundamentals (Page-1), Routing protocols (Page-51), Configuring and troubleshooting EIGRP (Page-91), Configuring and troubleshooting OSPF (Page-129), Configuring and troubleshooting BGP (Page-181), Optimizing routing operations (Page-237), IPX traffic management and routing (Page- 291), Troubleshooting the internetwork (Page-323). aRouting and switching 9106452 2ddccBK c214255d214255 00102ddc4070aMCSbMCScGENd2016-12-12o621.3981,NIIpMCS31887r2016-12-08w2016-12-12yBKzAlmirah No.40, Shelf No.6